[Event "Spanish Championship"]
[Site "Las Palmas Gran Canaria"]
[Date "2017.09.29"]
[Round "1"]
[White "Pousada Garcia, Daniel"]
[Black "Anton Guijarro, David"]
[Result "0-1"]
[BlackTitle "GM"]
[WhiteElo "1952"]
[BlackElo "2656"]
[Board "1"]
[WhiteCountry "ESP"]
[WhiteFideId "2278642"]
[WhiteEloChange "-2"]
[BlackCountry "ESP"]
[BlackFideId "2285525"]
[BlackEloChange "1"]

1. e4 g6 2. d4 Bg7 3. f4 d5 4. e5 Nh6 5. Nf3 O-O 6. Be3 f6 7. Qd2 Bg4 8.
Bd3 c5 9. O-O Bxf3 10. Rxf3 cxd4 11. Bxd4 Nc6 12. c3 fxe5 13. Bxe5 Bxe5 14.
fxe5 Rxf3 15. gxf3 Nxe5 16. Be2 Nf5 17. Na3 e6 18. Rf1 Qb6+ 19. Kh1 Rf8 20.
f4 Qe3 21. Qc2 Qh3 22. Rg1 Ne3 23. Rg3 Qxg3 24. hxg3 Nxc2 25. Nxc2 Nc6 26.
Bg4 Kf7 27. Kg2 Ke7 28. Bf3 Kd6 29. Ne3 b5 30. Be2 a6 31. Bf3 Na5 32. Nc2
Nc4 33. b3 Nd2 34. Bg4 Rc8 35. Nd4 Rxc3 36. Ne2 Rc2 37. Bxe6 Nxb3 38. Bg4
Nc1 0-1

[Event "Spanish Championship"]
[Site "Las Palmas Gran Canaria"]
[Date "2017.09.29"]
[Round "1"]
[White "Salgado Lopez, Ivan"]
[Black "Cruz Ramirez, Nauzet"]
[Result "1-0"]
[WhiteTitle "GM"]
[WhiteElo "2627"]
[BlackElo "1951"]
[Board "2"]
[WhiteCountry "ESP"]
[WhiteFideId "2257327"]
[WhiteEloChange "1"]
[BlackCountry "ESP"]
[BlackFideId "22249788"]
[BlackEloChange "-2"]

1. e4 c5 2. Nf3 e6 3. d4 cxd4 4. Nxd4 Nf6 5. Nc3 d6 6. g4 a6 7. g5 Nfd7 8.
Be3 b5 9. a3 Bb7 10. h4 Nc6 11. Be2 Nc5 12. f3 Na4 13. Nxa4 bxa4 14. Nxc6
Bxc6 15. Qd2 e5 16. O-O-O Qc7 17. h5 g6 18. Bc4 Qb7 19. Bd5 Rb8 20. Bxc6+
Qxc6 21. hxg6 fxg6 22. Qd5 Qb5 23. Qa2 Be7 24. Kb1 Rf8 25. Bc1 Rxf3 26. Qe6
Rf7 27. Rxh7 Rxh7 28. Qg8+ Kd7 29. Qxh7 Qe2 30. Qh3+ Kd8 31. Qh1 Rc8 32.
Rd2 Qg4 33. Rh2 Kd7 34. Rh4 Qe6 35. Rh7 Rc4 36. Qg1 Rc7 37. Qf1 Qc4 38. Qg2
Qe6 39. Bd2 Kc6 40. Ba5 Rb7 41. Qe2 Rb5 42. Bd2 Kd7 43. Qf2 Rb7 44. Qf8 Rc7
45. Ba5 Rc8 46. Qf2 Rc5 47. Bb4 Rc7 48. Qb6 Qc4 49. Rxe7+ Kxe7 50. Bxd6+
1-0

[Event "Spanish Championship"]
[Site "Las Palmas Gran Canaria"]
[Date "2017.09.29"]
[Round "1"]
[White "Henriquez Garcia, David"]
[Black "Perez Candelario, Manuel"]
[Result "0-1"]
[BlackTitle "GM"]
[WhiteElo "1934"]
[BlackElo "2591"]
[Board "3"]
[WhiteCountry "ESP"]
[WhiteFideId "2204320"]
[WhiteEloChange "-2"]
[BlackCountry "ESP"]
[BlackFideId "2210622"]
[BlackEloChange "1"]

1. c4 e5 2. Nc3 Nc6 3. g3 Bc5 4. Bg2 a6 5. e3 Ba7 6. Nge2 d6 7. O-O h5 8.
Nd5 h4 9. b4 Nce7 10. Bb2 Nxd5 11. cxd5 Qf6 12. f3 Ne7 13. Qb3 Qh6 14. Kf2
f5 15. d4 Ng6 16. Rad1 f4 17. exf4 O-O 18. Bc1 exf4 19. Nxf4 Nxf4 20. Bxf4
Rxf4 21. gxf4 h3 22. Bh1 Qxf4 23. Qe3 Qxh2+ 24. Ke1 Bd7 25. Rd2 Qg3+ 26.
Qf2 Qf4 27. Kd1 Qf5 28. Qh4 Qb1+ 0-1

[Event "Spanish Championship"]
[Site "Las Palmas Gran Canaria"]
[Date "2017.09.29"]
[Round "1"]
[White "Vazquez Igarza, Renier"]
[Black "Sosa Suarez, Carla Cristina"]
[Result "1-0"]
[WhiteTitle "GM"]
[WhiteElo "2578"]
[BlackElo "1930"]
[Board "4"]
[WhiteCountry "ESP"]
[WhiteFideId "3503054"]
[WhiteEloChange "1"]
[BlackCountry "ESP"]
[BlackFideId "24536350"]
[BlackEloChange "-2"]

1. Nf3 e6 2. c4 Nf6 3. Nc3 b6 4. e4 d5 5. cxd5 exd5 6. e5 Ng8 7. d4 Bf5 8.
Bd3 Be6 9. Ng5 g6 10. h4 Qd7 11. h5 Bg7 12. Nxe6 Qxe6 13. Nb5 Qd7 14. Qa4
Nc6 15. Bg5 h6 16. e6 Qxe6+ 17. Kf1 Kd7 18. Bf4 Qg4 19. Bg3 Nge7 20. Nxc7
Rac8 21. Nb5 Nf5 22. Bxf5+ Qxf5 23. Nxa7 Bxd4 24. Rd1 Bc5 25. Nxc8 Rxc8 26.
hxg6 Re8 27. g7 h5 28. Rh4 Be3 29. Qa6 Ke6 30. Qe2 Kd7 31. Rxh5 Bg5 32.
Qxe8+ Kxe8 33. g8=Q+ 1-0

[Event "Spanish Championship"]
[Site "Las Palmas Gran Canaria"]
[Date "2017.09.29"]
[Round "1"]
[White "Rodriguez Garcia, Antonio Jose"]
[Black "Ibarra Jerez, Jose Carlos"]
[Result "0-1"]
[BlackTitle "GM"]
[WhiteElo "1926"]
[BlackElo "2561"]
[Board "5"]
[WhiteCountry "ESP"]
[WhiteFideId "22232672"]
[WhiteEloChange "-2"]
[BlackCountry "ESP"]
[BlackFideId "2226332"]
[BlackEloChange "1"]

1. e4 e5 2. d4 exd4 3. Qxd4 Nc6 4. Qe3 Nf6 5. Nc3 Be7 6. Bd2 d5 7. exd5
Nxd5 8. Qg3 Ncb4 9. Bb5+ c6 10. Ba4 Bf5 11. Rc1 O-O 12. Nge2 Nb6 13. Bb3 c5
14. Qf4 Bg6 15. a3 Bd6 16. Qg5 c4 17. axb4 cxb3 18. cxb3 Bxb4 19. O-O Qxg5
20. Bxg5 f6 21. Be3 Bf7 22. Nb5 Bxb3 23. Nec3 Nc4 24. Bf4 Ne5 25. Bxe5 fxe5
26. Ne4 Rfd8 27. Rc7 Ba5 28. Rcc1 Bd5 29. Nbc3 Bc6 30. Rfd1 Rd4 31. f3 Rad8
32. Kf1 h6 33. Ke2 Bb4 34. Nf2 Kf7 35. Rd3 Ke6 36. Rdd1 a5 37. Nd3 Be7 38.
Nf2 Bg5 39. Ra1 Rd2+ 40. Ke1 Rxb2 41. Nce4 Rxd1+ 42. Nxd1 Rxg2 0-1

[Event "Spanish Championship"]
[Site "Las Palmas Gran Canaria"]
[Date "2017.09.29"]
[Round "1"]
[White "Korneev, Oleg"]
[Black "Sanjuan Morigosa, Isaura"]
[Result "1-0"]
[WhiteTitle "GM"]
[WhiteElo "2550"]
[BlackElo "1919"]
[Board "6"]
[WhiteCountry "ESP"]
[WhiteFideId "4156803"]
[WhiteEloChange "1"]
[BlackCountry "ESP"]
[BlackFideId "2260646"]
[BlackEloChange "-2"]

1. d4 Nf6 2. Nf3 g6 3. Bf4 Bg7 4. e3 O-O 5. Be2 c5 6. c3 Qb6 7. Qb3 Qxb3 8.
axb3 cxd4 9. exd4 d6 10. Nbd2 Nd5 11. Bg3 Nc6 12. b4 Bf5 13. b5 Nb8 14. O-O
a6 15. Rfe1 a5 16. Bc4 Nb6 17. Rxe7 d5 18. Bf1 N8d7 19. Bc7 Bf6 20. Ree1
Rfc8 21. Bd6 a4 22. h3 Nc4 23. Nxc4 dxc4 24. Nd2 Bd3 25. Bxd3 cxd3 26. Ne4
Bg7 27. Red1 Ra5 28. Bb4 1-0

[Event "Spanish Championship"]
[Site "Las Palmas Gran Canaria"]
[Date "2017.09.29"]
[Round "1"]
[White "Del Rio De Angelis, Salvador G."]
[Black "Alba Santana, Cayetano"]
[Result "1-0"]
[WhiteTitle "GM"]
[WhiteElo "2524"]
[BlackElo "1891"]
[Board "8"]
[WhiteCountry "ESP"]
[WhiteFideId "2203138"]
[WhiteEloChange "1"]
[BlackCountry "ESP"]
[BlackFideId "2230950"]
[BlackEloChange "-2"]

1. d4 d5 2. c4 c6 3. Nc3 Nf6 4. e3 e6 5. b3 Bb4 6. Bb2 Ne4 7. Qc2 Bxc3+ 8.
Bxc3 Nxc3 9. Qxc3 O-O 10. Nf3 Nd7 11. Rc1 a5 12. Bd3 f5 13. O-O Qe8 14. Qb2
Qh5 15. Be2 Qe8 16. Qa3 h6 17. Rb1 b6 18. Rfc1 Bb7 19. Qd6 Rc8 20. b4 a4
21. h3 Qf7 22. c5 b5 23. Bxb5 cxb5 24. c6 Bxc6 25. Rxc6 Rxc6 26. Qxc6 Rb8
27. Rc1 Qe8 28. Qd6 Nf8 29. Ne5 1-0

[Event "Spanish Championship"]
[Site "Las Palmas Gran Canaria"]
[Date "2017.09.29"]
[Round "1"]
[White "Duran Rodriguez, Jose Manuel"]
[Black "Santos Latasa, Jaime"]
[Result "0-1"]
[BlackTitle "IM"]
[WhiteElo "1886"]
[BlackElo "2523"]
[Board "9"]
[WhiteCountry "ESP"]
[WhiteFideId "2261219"]
[WhiteEloChange "-2"]
[BlackCountry "ESP"]
[BlackFideId "2293307"]
[BlackEloChange "1"]

1. e4 c5 2. b3 g6 3. Bb2 Nf6 4. d3 Bg7 5. Nd2 Nc6 6. Ngf3 O-O 7. Be2 d5 8.
O-O d4 9. Ne1 e5 10. g3 Bh3 11. Ng2 b5 12. Bc1 Re8 13. Nf3 a5 14. a4 bxa4
15. Rxa4 Nb4 16. Bd2 h6 17. Qc1 Kh7 18. Qb2 Nd7 19. Bxb4 cxb4 20. Nd2 Nc5
21. Ra2 Be6 22. f4 a4 23. f5 gxf5 24. exf5 Bd5 25. Bf3 a3 26. Qc1 Bxf3 27.
Rxf3 Bf6 28. Qe1 Qd5 29. Ne4 Nxe4 30. Qxe4 Qxe4 31. dxe4 Bg5 32. Ne1 Bd2
33. Nd3 Rac8 34. Kf1 Rc6 35. Rf2 Bc3 36. Ke2 f6 37. Kd1 Rg8 38. Rg2 h5 39.
Rg1 Kg7 40. Rg2 Kf7 41. Rg1 Ke7 42. Rg2 Kd6 43. Rg1 Rc7 44. Rg2 Rcg7 45.
Ke2 h4 46. Kf3 hxg3 47. Rxg3 Ke7 48. Kg2 Kf7 49. Kf2 Rh7 50. Kg2 Rgh8 51.
h3 Rh4 52. Nf2 Be1 53. Kf3 Rf4+ 0-1

[Event "Spanish Championship"]
[Site "Las Palmas Gran Canaria"]
[Date "2017.09.29"]
[Round "1"]
[White "Asis Gargatagli, Hipolito"]
[Black "Perez Ramos, Juan Carlos"]
[Result "1-0"]
[WhiteTitle "IM"]
[WhiteElo "2519"]
[BlackElo "1871"]
[Board "10"]
[WhiteCountry "ESP"]
[WhiteFideId "2260735"]
[WhiteEloChange "1"]
[BlackCountry "ESP"]
[BlackFideId "22273786"]
[BlackEloChange "-2"]

1. e4 d5 2. exd5 Qxd5 3. Nc3 Qd6 4. d4 Nf6 5. Nf3 c6 6. h3 Bf5 7. g4 Bg6 8.
Ne5 Nd5 9. Bg2 Nd7 10. Nxg6 hxg6 11. Ne4 Qc7 12. O-O N7f6 13. Nc5 e6 14.
Nd3 Bd6 15. Qf3 Nb4 16. Ne1 O-O 17. c3 Nbd5 18. Nd3 Rad8 19. Re1 Nd7 20.
Bg5 f6 21. Bd2 e5 22. c4 Nf4 23. Nxf4 exf4 24. c5 1-0

[Event "Spanish Championship"]
[Site "Las Palmas Gran Canaria"]
[Date "2017.09.29"]
[Round "1"]
[White "Medina Martin, Alberto"]
[Black "Arizmendi Martinez, Julen Luis"]
[Result "0-1"]
[BlackTitle "GM"]
[WhiteElo "1847"]
[BlackElo "2513"]
[Board "11"]
[WhiteCountry "ESP"]
[WhiteFideId "32067968"]
[WhiteEloChange "-2"]
[BlackCountry "ESP"]
[BlackFideId "2205092"]
[BlackEloChange "1"]

1. d4 d5 2. c4 e6 3. Nc3 Bb4 4. a3 Bxc3+ 5. bxc3 c6 6. a4 Ne7 7. e3 O-O 8.
Nf3 b6 9. Bd3 h6 10. Ba3 Ba6 11. cxd5 cxd5 12. Ne5 Bxd3 13. Qxd3 Re8 14. c4
Nec6 15. O-O Nxe5 16. dxe5 Nc6 17. f4 dxc4 18. Qxc4 Na5 19. Qe4 Rc8 20.
Rfd1 Qh4 21. Bd6 Qg4 22. Qd3 Rc4 23. Rac1 Rec8 24. Rxc4 Rxc4 25. Bb8 Rc3
26. Qxc3 Qxd1+ 27. Kf2 Qxa4 28. f5 Nc6 29. fxe6 fxe6 30. Bd6 Qe4 31. Qb3
Qf5+ 32. Ke2 Nxe5 33. Bxe5 Qxe5 34. Qa4 Qxh2 35. Qe4 Qh5+ 36. g4 Qd5 0-1

[Event "Spanish Championship"]
[Site "Las Palmas Gran Canaria"]
[Date "2017.09.29"]
[Round "1"]
[White "Santos Ruiz, Miguel"]
[Black "Suarez Ramirez, Jonay"]
[Result "1-0"]
[WhiteTitle "IM"]
[WhiteElo "2505"]
[BlackElo "1847"]
[Board "12"]
[WhiteCountry "ESP"]
[WhiteFideId "22291482"]
[WhiteEloChange "1"]
[BlackCountry "ESP"]
[BlackFideId "22243054"]
[BlackEloChange "-2"]

1. d4 Nf6 2. Nf3 g6 3. g3 c5 4. Bg2 cxd4 5. Nxd4 Bg7 6. O-O O-O 7. c4 Nc6
8. Nc3 Qb6 9. Nb3 d6 10. Be3 Qd8 11. Rc1 Be6 12. c5 d5 13. Nd4 Nxd4 14.
Bxd4 Rc8 15. Qa4 a6 16. Rfd1 Qe8 17. Qb4 Rc7 18. Be5 Rd7 19. Bxf6 Bxf6 20.
Nxd5 Bg5 21. e3 Qb8 22. Nf4 Bxf4 23. gxf4 Rfd8 24. Rxd7 Rxd7 25. c6 Rc7 26.
Rd1 b6 27. a3 Bg4 28. Rd2 b5 29. Qa5 Qa7 30. Rd8+ Kg7 31. Qc3+ f6 32. Bd5
e6 33. Bg2 a5 34. Qd3 e5 35. fxe5 fxe5 36. Qe4 1-0

[Event "Spanish Championship"]
[Site "Las Palmas Gran Canaria"]
[Date "2017.09.29"]
[Round "1"]
[White "Galvan Sarmiento, Jose Luis"]
[Black "Suarez Gomez, Julio"]
[Result "0-1"]
[BlackTitle "FM"]
[WhiteElo "1837"]
[BlackElo "2485"]
[Board "13"]
[WhiteCountry "ESP"]
[WhiteFideId "2212447"]
[WhiteEloChange "-2"]
[BlackCountry "ESP"]
[BlackFideId "22275991"]
[BlackEloChange "1"]

1. d4 d5 2. Bf4 c5 3. e3 cxd4 4. exd4 Nc6 5. c3 Bf5 6. Qb3 Qd7 7. Nf3 e6 8.
Ne5 Nxe5 9. Bxe5 Ne7 10. Nd2 Nc6 11. Nf3 f6 12. Bg3 g5 13. Be2 h5 14. h3 h4
15. Bh2 Be4 16. O-O O-O-O 17. Nd2 Bf5 18. Rfe1 Bd6 19. Nf1 Bf4 20. Ne3 Be4
21. a4 Qc7 22. Nf1 Rhg8 23. Qa3 Bf5 24. f3 e5 25. dxe5 fxe5 26. Kh1 Kb8 27.
Bg1 d4 28. Bb5 Rg6 29. a5 Rgd6 30. a6 b6 31. c4 Re6 32. c5 bxc5 33. Qxc5
Ne7 34. Qa3 Rb6 35. Be2 Qd6 36. Qa2 Be6 37. Qb1 Nf5 38. Bd3 Ng3+ 39. Nxg3
hxg3 40. Qc2 Rh8 41. Bf5 Bd7 42. Bg4 Bxg4 43. fxg4 Qc6 44. Qe4 Qxe4 45.
Rxe4 Rxb2 46. Ree1 Rxh3+ 0-1

[Event "Spanish Championship"]
[Site "Las Palmas Gran Canaria"]
[Date "2017.09.29"]
[Round "1"]
[White "Cuenca Jimenez, Jose Fernando"]
[Black "Anson Casaos, Alejandro"]
[Result "1-0"]
[WhiteTitle "GM"]
[WhiteElo "2490"]
[BlackElo "1828"]
[Board "14"]
[WhiteCountry "ESP"]
[WhiteFideId "2255570"]
[WhiteEloChange "1"]
[BlackCountry "ESP"]
[BlackFideId "32079745"]
[BlackEloChange "-2"]

1. Nf3 Nf6 2. c4 e6 3. g3 c5 4. Bg2 Be7 5. O-O Nc6 6. d4 d5 7. cxd5 exd5 8.
Nc3 O-O 9. Bg5 h6 10. Bxf6 Bxf6 11. dxc5 Re8 12. Qxd5 Qa5 13. Ne4 Bxb2 14.
Rab1 Ba3 15. Nd6 Re7 16. Rb5 Qc3 17. Rfb1 a6 18. Nxc8 axb5 19. Nxe7+ Nxe7
20. Qxb7 Re8 21. Qxb5 Kf8 22. Bh3 Bxc5 23. Kg2 f5 24. Qd7 Qc2 25. Rb5 g5
26. Qd3 Qxa2 27. Bxf5 Qa7 28. Be6 Bxf2 29. Qh7 1-0

[Event "Spanish Championship"]
[Site "Las Palmas Gran Canaria"]
[Date "2017.09.29"]
[Round "1"]
[White "Perez Guerra, Raul"]
[Black "Castellanos Rodriguez, Renier"]
[Result "0-1"]
[BlackTitle "IM"]
[WhiteElo "1814"]
[BlackElo "2481"]
[Board "15"]
[WhiteCountry "ESP"]
[WhiteFideId "32078188"]
[WhiteEloChange "-2"]
[BlackCountry "ESP"]
[BlackFideId "3404650"]
[BlackEloChange "1"]

1. e4 c5 2. Nc3 Nc6 3. g3 e6 4. Bg2 Nf6 5. d3 Be7 6. Nge2 Rb8 7. Bf4 d6 8.
h3 h5 9. Be3 b5 10. Qd2 b4 11. Nd1 a5 12. O-O Qc7 13. f4 d5 14. e5 Nd7 15.
c3 g6 16. d4 Nb6 17. Bf2 bxc3 18. bxc3 Ba6 19. Ne3 Na4 20. Rab1 Rxb1 21.
Rxb1 Bxe2 22. Qc2 Nxc3 0-1

[Event "Spanish Championship"]
[Site "Las Palmas Gran Canaria"]
[Date "2017.09.29"]
[Round "1"]
[White "Suarez Garcia, Carlos"]
[Black "Marrero Lopez, Agustin"]
[Result "1-0"]
[WhiteTitle "IM"]
[WhiteElo "2463"]
[BlackElo "1814"]
[Board "16"]
[WhiteCountry "ESP"]
[WhiteFideId "22230858"]
[WhiteEloChange "1"]
[BlackCountry "ESP"]
[BlackFideId "22279385"]
[BlackEloChange "-2"]

1. e4 e5 2. Nf3 Nc6 3. c3 g6 4. d4 exd4 5. Bc4 Bg7 6. cxd4 d6 7. h3 Qe7 8.
Nc3 Nf6 9. O-O O-O 10. Bg5 Qd7 11. Qd2 Re8 12. Rfe1 a6 13. Rac1 b5 14. Bxf6
Bxf6 15. Nxb5 Rb8 16. Nc3 Bb7 17. a3 Na7 18. Ng5 Rf8 19. Qf4 Qe7 20. Nf3
Bg7 21. b4 c6 22. Qe3 Nb5 23. Nb1 Rbc8 24. Nbd2 c5 25. dxc5 dxc5 26. bxc5
Rxc5 27. Qxc5 1-0

[Event "Spanish Championship"]
[Site "Las Palmas Gran Canaria"]
[Date "2017.09.29"]
[Round "1"]
[White "Mohamed Garcia, Ismael"]
[Black "Moreno Ruiz, Javier"]
[Result "0-1"]
[BlackTitle "IM"]
[WhiteElo "1783"]
[BlackElo "2464"]
[Board "17"]
[WhiteCountry "ESP"]
[WhiteFideId "32089295"]
[WhiteEloChange "-2"]
[BlackCountry "ESP"]
[BlackFideId "2203146"]
[BlackEloChange "1"]

1. d4 Nf6 2. Nf3 e6 3. Bf4 c5 4. c3 Nc6 5. e3 d5 6. Nbd2 Bd6 7. Bg3 O-O 8.
Bd3 b6 9. Qe2 Bb7 10. e4 dxe4 11. Nxe4 Be7 12. dxc5 bxc5 13. Rd1 Qa5 14.
Bb1 Rfd8 15. O-O Qb6 16. Rfe1 a5 17. Qc2 Nxe4 18. Qxe4 g6 19. Qc2 Bf6 20.
h4 Ne7 21. Rxd8+ Rxd8 22. Be5 Bxe5 23. Nxe5 Qd6 24. h5 Qd5 25. f3 Nf5 26.
hxg6 hxg6 27. Qd3 Kg7 28. Kf2 a4 29. Qxd5 Rxd5 30. Be4 Rxe5 31. Bxb7 Rxe1
32. Kxe1 Ne3 33. Bc6 Nxg2+ 34. Kd2 Nh4 35. b4 axb3 36. axb3 Kf6 37. b4 cxb4
38. cxb4 Ke5 39. b5 Kd6 40. Kd3 g5 41. Ke4 Ng6 42. Be8 Ne5 43. f4 gxf4 44.
Kxf4 Ke7 45. Kxe5 Kxe8 46. Kd6 Kd8 47. Kc6 Kc8 48. Kb6 Kb8 49. Kc6 f5 0-1

[Event "Spanish Championship"]
[Site "Las Palmas Gran Canaria"]
[Date "2017.09.29"]
[Round "1"]
[White "Martin Dinares, Sonia"]
[Black "Espinosa Aranda, Angel"]
[Result "0-1"]
[BlackTitle "IM"]
[WhiteElo "1792"]
[BlackElo "2453"]
[Board "19"]
[WhiteCountry "ESP"]
[WhiteFideId "32028814"]
[WhiteEloChange "-2"]
[BlackCountry "ESP"]
[BlackFideId "2278189"]
[BlackEloChange "1"]

1. c4 b6 2. Nf3 Bb7 3. g3 g6 4. Bg2 Bg7 5. Nc3 Nf6 6. O-O O-O 7. d3 d5 8.
cxd5 Nxd5 9. Bd2 c5 10. Qc1 Nc6 11. Nxd5 Qxd5 12. Bh6 Nd4 13. Re1 Rfd8 14.
Bxg7 Kxg7 15. Qc3 f6 16. b3 a5 17. Rac1 a4 18. b4 Rac8 19. bxc5 bxc5 20.
Qc4 Qd7 21. Rb1 Bd5 22. Qa6 Nc2 23. Rec1 Nb4 24. Qa5 Nxa2 25. Rxc5 Rxc5 26.
Qxc5 Rc8 27. Qe3 Nc3 28. Ra1 Qb7 29. Bh3 Rc7 30. Nd4 e5 31. Nf3 Nxe2+ 32.
Qxe2 Bxf3 33. Qa2 Qb3 34. Bg2 Qxa2 35. Rxa2 Rc1+ 36. Bf1 e4 37. dxe4 Bxe4
38. Rd2 a3 39. f3 Bxf3 40. Kf2 Bd5 41. Rxd5 a2 42. Ra5 a1=Q 0-1

[Event "Spanish Championship"]
[Site "Las Palmas Gran Canaria"]
[Date "2017.09.29"]
[Round "1"]
[White "Cruz Lledo, Pablo"]
[Black "Ramirez Maillo, Cristian"]
[Result "1-0"]
[WhiteTitle "IM"]
[WhiteElo "2432"]
[BlackElo "1776"]
[Board "20"]
[WhiteCountry "ESP"]
[WhiteFideId "2297361"]
[WhiteEloChange "1"]
[BlackCountry "ESP"]
[BlackFideId "32018746"]
[BlackEloChange "-2"]

1. d4 Nf6 2. c4 g6 3. Nc3 Bg7 4. e4 d6 5. g3 O-O 6. Bg2 e5 7. d5 a5 8. Nge2
Na6 9. O-O Nc5 10. h3 Nfd7 11. Be3 f5 12. exf5 gxf5 13. f4 Qe8 14. Qd2 Qg6
15. Kh2 e4 16. Nb5 Nb6 17. Rac1 Rf7 18. Rc2 Nd3 19. Nxc7 Rxc7 20. Bxb6 Re7
21. b3 Nb4 22. Rcc1 Nd3 23. Rb1 a4 24. b4 h5 25. h4 Bf6 26. Bd8 Rg7 27.
Bxf6 Qxf6 28. Nc1 Nxc1 29. Rfxc1 b6 30. Bf1 Bd7 31. Qe3 Qd8 32. Be2 Be8 33.
c5 dxc5 34. bxc5 bxc5 35. Qxc5 Kh7 36. Rb6 Rc8 37. Rh6+ Kxh6 38. Qxc8 Qb6
39. Qxe8 Qf2+ 40. Kh1 Qxe2 41. Qh8+ Kg6 42. Rc6+ 1-0

[Event "Spanish Championship"]
[Site "Las Palmas Gran Canaria"]
[Date "2017.09.29"]
[Round "1"]
[White "Aguilera Suarez, Antonio"]
[Black "Ladron De Guevara Pinto, Paolo"]
[Result "0-1"]
[BlackTitle "FM"]
[WhiteElo "1770"]
[BlackElo "2414"]
[Board "21"]
[WhiteCountry "ESP"]
[WhiteFideId "2290626"]
[WhiteEloChange "-2"]
[BlackCountry "ESP"]
[BlackFideId "2290847"]
[BlackEloChange "1"]

1. e4 e5 2. Nf3 Nc6 3. d4 exd4 4. Nxd4 Nf6 5. Nxc6 bxc6 6. e5 Qe7 7. Qe2
Nd5 8. c4 Nb6 9. b3 Qe6 10. g3 a5 11. Bb2 a4 12. Bg2 Bb4+ 13. Nd2 O-O 14.
O-O d5 15. Nf3 a3 16. Bd4 Ba6 17. Bxb6 cxb6 18. Rfc1 dxc4 19. bxc4 Rad8 20.
Qe4 Qg6 21. Qxg6 hxg6 22. Nh4 Rd2 23. Bxc6 Bc5 24. Bd5 Rxf2 25. Kh1 Rd8 26.
Rd1 Kf8 27. Rf1 Rxf1+ 28. Rxf1 Rxd5 29. Nxg6+ Ke8 0-1

[Event "Spanish Championship"]
[Site "Las Palmas Gran Canaria"]
[Date "2017.09.29"]
[Round "1"]
[White "Garza Marco, Sergio"]
[Black "Pousada Garcia, Noe"]
[Result "1-0"]
[WhiteTitle "IM"]
[WhiteElo "2409"]
[BlackElo "1770"]
[Board "22"]
[WhiteCountry "ESP"]
[WhiteFideId "2210177"]
[WhiteEloChange "1"]
[BlackCountry "ESP"]
[BlackFideId "22228489"]
[BlackEloChange "-2"]

1. d4 g6 2. c4 Bg7 3. Nc3 Nf6 4. e4 d6 5. Nge2 Nbd7 6. Ng3 c5 7. d5 a6 8.
a4 O-O 9. Be2 Qe8 10. O-O Kh8 11. Bg5 h6 12. Be3 b6 13. Qd2 Kh7 14. f4 Rh8
15. Bd3 Kg8 16. Kh1 Ra7 17. Rab1 Ng4 18. Bg1 h5 19. Nge2 Rh7 20. h3 Nh6 21.
b4 Qd8 22. Bh2 cxb4 23. Rxb4 Nc5 24. Bc2 Nd7 25. Nd4 Bxd4 26. Qxd4 Nc5 27.
Ne2 Bd7 28. Qa1 Qc7 29. Nd4 Rh8 30. e5 Kh7 31. Qb1 e6 32. exd6 Qxd6 33. f5
1-0

[Event "Spanish Championship"]
[Site "Las Palmas Gran Canaria"]
[Date "2017.09.29"]
[Round "1"]
[White "Fuentes Perez, Noe"]
[Black "Alvarado Diaz, Alejandro"]
[Result "0-1"]
[BlackTitle "IM"]
[WhiteElo "1768"]
[BlackElo "2407"]
[Board "23"]
[WhiteCountry "ESP"]
[WhiteFideId "24536334"]
[WhiteEloChange "-2"]
[BlackCountry "ESP"]
[BlackFideId "2276119"]
[BlackEloChange "1"]

1. d3 g6 2. g3 Bg7 3. Bg2 d5 4. Nf3 e5 5. O-O Ne7 6. e4 d4 7. Nbd2 O-O 8.
Nc4 Nbc6 9. a4 h6 10. Ne1 Be6 11. f4 exf4 12. Bxf4 Qd7 13. Nf3 g5 14. Bc1
Ng6 15. Qe2 Rae8 16. b3 f5 17. Nfd2 f4 18. Ba3 Rf7 19. Rf2 Nce5 20. Raf1
Ng4 21. Rf3 Ne3 22. Nxe3 dxe3 23. gxf4 exd2 0-1

[Event "Spanish Championship"]
[Site "Las Palmas Gran Canaria"]
[Date "2017.09.29"]
[Round "1"]
[White "Suarez Uriel, Adrian"]
[Black "Sanabria Taskila, Jenny Maria"]
[Result "1-0"]
[WhiteTitle "FM"]
[WhiteElo "2406"]
[BlackElo "1758"]
[Board "24"]
[WhiteCountry "ESP"]
[WhiteFideId "22230874"]
[WhiteEloChange "1"]
[BlackCountry "ESP"]
[BlackFideId "32066139"]
[BlackEloChange "-2"]

1. e4 c5 2. Nf3 e6 3. d4 cxd4 4. Nxd4 a6 5. Bd3 d6 6. c4 Nf6 7. Nc3 g6 8.
O-O Bg7 9. Be3 b6 10. f4 Nfd7 11. Qf3 Bb7 12. Rad1 O-O 13. Qh3 Nc5 14. Bc2
Qc7 15. f5 e5 16. f6 Bh8 17. Nf5 Bxf6 18. Nh6+ Kh8 19. Rxf6 Ne6 20. Qxe6
fxe6 21. Rxf8+ Kg7 22. Rg8+ 1-0

[Event "Spanish Championship"]
[Site "Las Palmas Gran Canaria"]
[Date "2017.09.30"]
[Round "2"]
[White "Anton Guijarro, David"]
[Black "Castellanos Gomez, Alejandro"]
[Result "1-0"]
[WhiteTitle "GM"]
[WhiteElo "2656"]
[BlackElo "2270"]
[Board "1"]
[WhiteCountry "ESP"]
[WhiteFideId "2285525"]
[WhiteEloChange "1"]
[BlackCountry "ESP"]
[BlackFideId "22284141"]
[BlackEloChange "-2"]

1. e4 e6 2. d4 d5 3. Nd2 Nf6 4. e5 Nfd7 5. f4 c5 6. c3 Nc6 7. Ndf3 Be7 8.
Bd3 cxd4 9. Nxd4 Nc5 10. Ngf3 Nxd3+ 11. Qxd3 g6 12. Be3 Bd7 13. h4 Nxd4 14.
Bxd4 Qa5 15. h5 O-O-O 16. a4 Kb8 17. Qe3 h6 18. hxg6 fxg6 19. O-O Rc8 20.
b4 Qa6 21. b5 Qa5 22. Nd2 Rhf8 23. Nb3 Qc7 24. Bxa7+ Ka8 25. Bd4 g5 26.
fxg5 Bxg5 27. Qd3 Bf4 28. b6 Qd8 29. Nc5 Qh4 30. Rxf4 Rxf4 31. Qb5 Qe1+ 32.
Rxe1 Bxb5 33. axb5 Re8 34. Nd7 Rg8 35. Ra1# 1-0